000 00435nam a2200193Ia 4500
005 20250423094735.0
008 250422s9999 xx 000 0 und d
020 _a0-13-397910-5
050 _aBF723.L5554
100 _aRobert S. Siegler
245 0 _aChildren's Thinking
250 _aThird Edition
260 _aUK
260 _bRobert S. Siegler
260 _c1986
300 _a411 p
650 _aThinking
942 _cBK
999 _c28153
_d28153